|
|
|
|
| LEADER |
01061nam a2200301 a 4500 |
| 001 |
4622 |
| 003 |
BD-DhAAL |
| 005 |
20150307112323.0 |
| 008 |
150307s1993 enka b 001 0 eng d |
| 020 |
|
|
|a 0749410051
|
| 035 |
|
|
|a 2921052
|
| 040 |
|
|
|a BNB
|b eng
|c BNB
|d ANL
|d BD-DhAAL
|
| 082 |
0 |
4 |
|a 658.403
|2 20
|
| 100 |
1 |
|
|a Wilson, Graham.
|9 9130
|
| 245 |
1 |
0 |
|a Problem solving and decision making /
|c Graham Wilson.
|
| 260 |
|
|
|a London :
|b Kogan Page,
|c 1993.
|
| 300 |
|
|
|a 197 p. :
|b ill. ;
|c 24 cm.
|
| 490 |
|
|
|6 Fast-track MBA series
|
| 500 |
|
|
|a "Published in association with AMED."
|
| 504 |
|
|
|a Includes bibliography (p. [190]) and index.
|
| 541 |
|
|
|e 4622
|
| 650 |
|
0 |
|a Decision making.
|9 7644
|
| 650 |
|
0 |
|a Management.
|9 9131
|
| 650 |
|
0 |
|a Group problem solving.
|9 9132
|
| 710 |
2 |
|
|a Association for Management Education and Development.
|9 9133
|
| 942 |
|
|
|2 ddc
|c BK
|
| 999 |
|
|
|c 33906
|d 33906
|
| 952 |
|
|
|0 0
|1 0
|2 ddc
|4 0
|6 658_403000000000000_WIL
|7 0
|9 52927
|a SCL
|b SCL
|c GEN
|d 2015-03-07
|e Gift: The British Council
|l 0
|o 658.403 WIL
|p 3020004622
|r 2015-03-07
|t 1
|w 2015-03-07
|y BK
|